Tulunadina shasanagala samskratika adhyayana. (Record no. 105388)
[ view plain ]
| 000 -LEADER | |
|---|---|
| fixed length control field | 00664nam a2200205Ia 4500 |
| 003 - CONTROL NUMBER IDENTIFIER | |
| control field | OSt |
| 005 - DATE AND TIME OF LATEST TRANSACTION | |
| control field | 20250902143729.0 |
| 008 - FIXED-LENGTH DATA ELEMENTS--GENERAL INFORMATION | |
| fixed length control field | 210210b2002 xxu||||| |||| 00| 0 eng d |
| 040 ## - CATALOGING SOURCE | |
| Transcribing agency | AL |
| 041 ## - LANGUAGE CODE | |
| Language code of text/sound track or separate title | Kannada |
| 082 ## - DEWEY DECIMAL CLASSIFICATION NUMBER | |
| Classification number | 417K SHET |
| 100 ## - MAIN ENTRY--PERSONAL NAME | |
| Personal name | SHEILA T VARMA. |
| 9 (RLIN) | 135969 |
| Dates associated with a name | ಶೀಲಾ ಟಿ ವರ್ಮಾ |
| 245 ## - TITLE STATEMENT | |
| Title | Tulunadina shasanagala samskratika adhyayana. |
| Remainder of title | ತುಳುನಾಡಿನ ಶಾಶನಗಳ ಸಂಸ್ಕೃತಿಯ ಅಧ್ಯಯನ |
| 260 ## - PUBLICATION, DISTRIBUTION, ETC. | |
| Place of publication, distribution, etc. | Bengaluru. |
| Name of publisher, distributor, etc. | Jnanodaya Prakashana., |
| Date of publication, distribution, etc. | 2002 |
| 300 ## - PHYSICAL DESCRIPTION | |
| Extent | 304 |
| 650 ## - SUBJECT ADDED ENTRY--TOPICAL TERM | |
| Topical term or geographic name entry element | Tulunadu Shasanagalu |
| 9 (RLIN) | 135970 |
| 690 ## - LOCAL SUBJECT ADDED ENTRY--TOPICAL TERM (OCLC, RLIN) | |
| Topical term or geographic name as entry element | Paleography |
| 9 (RLIN) | 135971 |
| 906 ## - LOCAL DATA ELEMENT F, LDF (RLIN) | |
| a | 057916 |
| 942 ## - ADDED ENTRY ELEMENTS (KOHA) | |
| Source of classification or shelving scheme | Dewey Decimal Classification |
| Koha item type | Book |
| Withdrawn status | Lost status | Damaged status | Not for loan | Collection code | Home library | Current library | Shelving location | Date acquired | Source of acquisition | Cost, normal purchase price | Total Checkouts | Full call number | Barcode | Date last seen | Price effective from | Koha item type |
|---|---|---|---|---|---|---|---|---|---|---|---|---|---|---|---|---|
| St Aloysius Library | St Aloysius Library | 02/17/2021 | Shivarama Karanta Pita, Mangalagangotri. | 155.00 | 417K SHET | 057916 | 02/17/2021 | 02/17/2021 | Book | |||||||
| St Aloysius Library | St Aloysius Library | 02/17/2021 | Shivarama Karanta Pita, Mangalagangotri. | 155.00 | 417K SHET | 057915 | 02/17/2021 | 02/17/2021 | Book |